| 000 | 00475nam a2200169Ia 4500 | ||
|---|---|---|---|
| 999 |
_c10488 _d10488 |
||
| 003 | OSt | ||
| 005 | 20220407122907.0 | ||
| 008 | 220318s9999 xx 000 0 und d | ||
| 020 | _a9788415391296 | ||
| 082 | _a711 | ||
| 100 | _a Advanced Architecture Contest (4t : 2012 : Barcelona, Catalunya) | ||
| 245 | 0 | _aCity sense : shaping our environment with real-time data : 4th Advanced Architecture Contest | |
| 260 | _aActor | ||
| 365 | _b22 | ||
| 365 | _cGBP | ||
| 942 | _2ddc | ||